VIH, o bicho da sida (Registo nº 3828)

Detalhes MARC
000 -Etiqueta do registo
Cabeçalho 00608nam a2200229 i 4500
005 - Identificador da versão
Campo de controlo 20240813122045.0
010 ## - Número internacional normalizado dos livros (ISBN)
Número (ISBN) 9789724037301
021 ## - Número do Depósito Legal
Código do país PT
Número 286198/08
100 ## - Dados gerais de processamento
Dados gerais de processamento 20101006d2008 c y0pory5003 ba
102 ## - Pais de publicação ou produção
País de publicação Portugal
101 0# - Língua de publicação
Língua do texto, banda sonora, etc. Português
215 ## - Descrição física 
Indicação específica da natureza do documento e extensão da espécie 16 p.
200 1# - Titulo e menção de responsabilidade
Título próprio VIH, o bicho da sida
Primeira menção de responsabilidade Rui Zink
Outras menções de responsabilidade António Jorge Gonçalves
205 ## - Menção da edição
Menção da edição Abraço, Associação de apoio a doentes com HIV/Sida
210 ## - Publicação, Distribuição, etc. 
Lugar da edição, distribuição, etc. Lisboa
Nome do editor, distribuidor, etc. Almedina
Data da publicação, distribuição, etc. 2008
701 #1 - Nome de autor-pessoa física (co-responsabilidade principal)
Palavra de ordem Gonçalves
Outra parte do nome não tomada para palavra de ordem António Jorge
700 #1 - Nome de autor-pessoa física (responsabilidade principal)
Número de registo de entrada de autoridade 0000266
Palavra de ordem Zink
Outra parte do nome não tomada para palavra de ordem Rui
942 ## - Elementos de entrada adicionados (Koha)
Tipo de item no Koha Livro
Exemplares
Situação do levantamento Origin of item (home branch) (coded) Biblioteca de empréstimo Código de barras Cota Circulation type (not for loan) Tipo de documento Nota do exemplar Damaged status
  Biblioteca Escolar das Vendas Biblioteca Escolar das Vendas BEV2403 8POR ZIN   Livro Sem mensagem  
  Biblioteca Escolar das Vendas Biblioteca Escolar das Vendas BEV2404 8 POR ZIN   Livro Sem mensagem